000 00804cam a22002413a 4500
001 19103
003 PGUSA
005 20140828083415.0
008 060823s2006||||xxu|||||s|||||000 | eng d
040 _aPGUSA
_beng
042 _adc
050 4 _aQB
100 1 _aWilkins, John,
_d1614-1672
245 1 4 _aThe Discovery of a World in the Moone :
_bOr, A Discovrse Tending To Prove That 'Tis Probable There May Be Another Habitable World In That Planet
_h[electronic resource] /
_cJohn Wilkins
260 _bProject Gutenberg,
_c2006
506 _aPublic domain in the USA.
516 _aElectronic text
653 _aMoon -- Early works to 1800
653 _aAstronomy -- Early works to 1800
830 0 _aProject Gutenberg
_v19103
856 4 0 _uhttp://www.gutenberg.org/ebooks/19103
942 _cEB
999 _c248358
_d248358